Cestovný ruch a jeho úloha v procese transformácie regiónov
Geopolitická poloha Slovenska predurčuje tomuto územiu intenzívnejší rozvoj cestovného ruchu (CR). Súčasná situácia v oblasti podpory rozvoja CR (Program podpory rozvoja CR v SR - platnosť od 1.10.1992). Možnosti a perspektívy rozvoja CR v regiónoch SR. Opatrenia potrebné pre rozvoj CR.
Salvato in:
| Autore principale: | |
|---|---|
| Natura: | Capitolo di libro |
| Lingua: | slovacco |
| Soggetti: | |
| Tags: |
Nessun Tag, puoi essere il primo ad aggiungerne!!
|
MARC
| LEADER | 00000naa a2200000 4500 | ||
|---|---|---|---|
| 001 | r024402 | ||
| 005 | 20221205090124.3 | ||
| 041 | 0 | |a slo | |
| 044 | |a SK | ||
| 245 | 1 | 0 | |a Cestovný ruch a jeho úloha v procese transformácie regiónov |c Mária Kačírková |
| 520 | |a Geopolitická poloha Slovenska predurčuje tomuto územiu intenzívnejší rozvoj cestovného ruchu (CR). Súčasná situácia v oblasti podpory rozvoja CR (Program podpory rozvoja CR v SR - platnosť od 1.10.1992). Možnosti a perspektívy rozvoja CR v regiónoch SR. Opatrenia potrebné pre rozvoj CR. | ||
| 610 | 2 | 0 | |a ruch cestovný |
| 610 | 2 | 0 | |a ruch cestovný domáci |
| 610 | 2 | 0 | |a politika ruchu cestovného |
| 610 | 2 | 0 | |a regióny |
| 610 | 2 | 0 | |a Slovensko |
| 610 | 2 | 0 | |a programy rozvojové |
| 610 | 2 | 0 | |a agroturistika |
| 610 | 2 | 0 | |a turistika |
| 610 | 2 | 0 | |a kúpele |
| 100 | 1 | |a Kačírková, Mária | |